00695cam a22002173a 450000100060000000300060000600500170001200800410002904000150007004200070008505000070009210000220009924501390012126000290026050600300028951600200031965300300033965300370036983000290040685600420043524633PGUSA20140828083529.0080218s2008||||xxu|||||s|||||000 | eng d aPGUSAbeng adc 4aBX1 aStoney, Constance10aEarly Double Monasteries :bA Paper read before the Heretics' Society on December 6th, 1914h[electronic resource] /cConstance Stoney bProject Gutenberg,c2008 aPublic domain in the USA. aElectronic text aSpeeches, addresses, etc. aMonasticism and religious orders 0aProject Gutenbergv2463340uhttp://www.gutenberg.org/ebooks/24633